[Event "Campeonato Brasileiro 2007-Final"]
[Site "Rio de Janeiro BRA"]
[Date "2007.12.14"]
[Round "1.1"]
[White "Di Berardino, Diego Rafael"]
[Black "Santiago, Yago De Moura"]
[Result "1/2-1/2"]
[WhiteElo "2430"]
[BlackElo "2179"]
[PlyCount "97"]
[EventDate "2007.12.14"]
[EventType "tourn"]
[EventRounds "11"]
[EventCountry "BRA"]
[EventCategory "8"]
[Source "lmi"]
[SourceDate "2007.12.14"]

1. e4 c5 2. Nf3 d6 3. d4 cxd4 4. Nxd4 Nf6 5. Nc3 a6 6. Be2 e6 7. O-O Be7 8. f4
Qc7 9. Be3 O-O 10. Kh1 Nc6 11. Qe1 Bd7 12. Qg3 Rfd8 13. Rae1 Nxd4 14. Bxd4 Bc6
15. e5 Ne8 16. Bd3 dxe5 17. Bxe5 Bd6 18. Re3 f6 19. Qh4 h6 20. Qg4 fxe5 21.
fxe5 Bc5 22. Qxe6+ Kh8 23. Rf7 Qb6 24. Qg6 Rxd3 25. Rxd3 Qxb2 26. Rf1 Qxc2 27.
Rfd1 Bb6 28. Qg3 Rc8 29. Nd5 Bxd5 30. Rxd5 Qxa2 31. h4 Rc1 32. Qf3 Rxd1+ 33.
Rxd1 Kg8 34. Qxb7 Qa4 35. Qd5+ Kh8 36. g3 Qg4 37. Kg2 Qe2+ 38. Kh3 Bc7 39. e6
Nf6 40. Qd3 Qg4+ 41. Kg2 Qxe6 42. Qf3 a5 43. Rc1 Qe5 44. Rc4 Nd5 45. Re4 Qb2+
46. Re2 Qb5 47. Qf8+ Kh7 48. Qf5+ Kg8 49. Qc8+ 1/2-1/2

[Event "Campeonato Brasileiro 2007-Final"]
[Site "Rio de Janeiro BRA"]
[Date "2007.12.14"]
[Round "1.4"]
[White "Matsuura, Everaldo"]
[Black "Van Riemsdijk, Herman C"]
[Result "1/2-1/2"]
[WhiteElo "2511"]
[BlackElo "2391"]
[PlyCount "98"]
[EventDate "2007.12.14"]
[EventType "tourn"]
[EventRounds "11"]
[EventCountry "BRA"]
[EventCategory "8"]
[Source "lmi"]
[SourceDate "2007.12.14"]

1. e4 e5 2. Nf3 Nc6 3. Bb5 a6 4. Ba4 Nf6 5. O-O Be7 6. Re1 b5 7. Bb3 d6 8. c3
O-O 9. h3 Na5 10. Bc2 c5 11. d4 Qc7 12. Nbd2 cxd4 13. cxd4 Re8 14. b3 Nc6 15.
Bb2 Bb7 16. Rc1 Bf8 17. Nf1 Rad8 18. Ne3 Qb8 19. d5 Nb4 20. Bb1 a5 21. Bc3 Rc8
22. a3 Na6 23. Bxa5 Rxc1 24. Qxc1 Nc5 25. Nd2 Qa7 26. Bb4 Rc8 27. Qb2 g6 28.
Rc1 Nfd7 29. Ndf1 Be7 30. Bd2 Ra8 31. b4 Na4 32. Qb3 Rc8 33. Bd3 Rxc1 34. Bxc1
Ba6 35. Nc2 Bd8 36. Be3 Bb6 37. Qb1 Qc7 38. Qb3 Bxe3 39. Nfxe3 Ndb6 40. Kf1 Nc3
41. Ke1 Bc8 42. Nd1 Nxd1 43. Kxd1 Bd7 44. Ne3 Qa7 45. Ke2 Kg7 46. Nd1 Na4 47.
Nc3 Nxc3+ 48. Qxc3 Kf8 49. h4 h5 1/2-1/2